Balance político
Uloženo v:
| Médium: | Text |
|---|---|
| Témata: | |
| Tagy: |
Přidat tag
Žádné tagy, Buďte první, kdo vytvoří štítek k tomuto záznamu!
|
MARC
| LEADER | 00000 a a2200000 04500 | ||
|---|---|---|---|
| 001 | 6323 | ||
| 003 | |||
| 040 | |||
| 245 | |a Balance político | ||
| 650 | |a POLITICA | ||
| 650 | |a INFORMES | ||
| 650 | |a GOBIERNO | ||
| 650 | |a PARTIDOS POLITICOS | ||
| 650 | |a CORRUPCION | ||
| 650 | |a SOCIEDAD CIVIL | ||
| 650 | |a GOBIERNO | ||
| 650 | |a ADMINISTRACION PUBLICA | ||
| 650 | |a SECTOR PUBLICO | ||
| 650 | |a INSTITUCIONES PUBLICAS | ||
| 773 | |g volumen 20, número 884; páginas 5-12 | ||
| 999 | |c 36928 |d 36928 | ||
